| 000 | 01279nam0a2200349 i 4500 | ||
|---|---|---|---|
| 001 | RU\NLR\BIBL_A\010545266 | ||
| 005 | 20260406092023.0 | ||
| 010 | _a9785971011323 | ||
| 021 |
_aRU _b2014-70240 _94307 |
||
| 035 | _a(NILC)RuMoRGB-007553218 | ||
| 035 | _a(NLR Aleph) 010545266 | ||
| 090 |
_a10313236 _c10313236 |
||
| 100 | _a20141127d2014 km y0rusy50 ca | ||
| 101 | 0 | _arus | |
| 102 | _aRU | ||
| 105 | _ay|||z|||000yy | ||
| 200 | 1 |
_aСредневековые университеты _fН. С. Суворов |
|
| 205 | _aИзд. 4-е | ||
| 210 |
_aМосква _cURSS _cЛЕНАНД _d2014 |
||
| 215 |
_aVI, 245 с. _d22 |
||
| 225 | 1 | _aАкадемия фундаментальных исследований: история | |
| 320 | _aБиблиогр.: с. V-VI | ||
| 320 | _aДр. тр. авт. на 4-й с. обл. | ||
| 606 | 1 |
_aУниверситеты _xИстория _zСредние века _92360342 _3RU\NLR\auth\661409537 |
|
| 686 | 1 | _aЧ484(0)711 | |
| 700 | 1 |
_7ca _8rus _aСуворов _bН. С. _cюрист _f1848-1909 _gНиколай Семенович _945268 _3RU\NLR\AUTH\7762338 |
|
| 801 | 0 |
_aRU _bРГБ _c20140916 _gRCR |
|
| 801 | 1 |
_aRU _bРГБ _c20140916 _2rusmarc |
|
| 942 | _cBOOK | ||
| 980 | _aNBR | ||